Rafael, 1483-1520

Guardat en:
Dades bibliogràfiques
Autor principal: Thoenes, Christof (Autor)
Format: Llibre
Idioma:espanyol
Publicat: Colonia Taschen 2007
Matèries:
Etiquetes: Afegir etiqueta
Sense etiquetes, Sigues el primer a etiquetar aquest registre!

MARC

LEADER 00000nam a2200000 a 4500
001 UCG7157
003 CL-VaPUC
008 110624e20070000GW |||||||||||||||||spa|d
020 |a 9783822823026 
082 0 4 |a 750  |b THO  |2 21 
100 0 |a Thoenes, Christof  |e author  |9 557752 
245 1 0 |a Rafael, 1483-1520 
300 |a 96 p 
942 |c BK 
945 |d 20110624 00:00:00  |a dcastane 
260 |a Colonia  |b Taschen  |c 2007 
600 0 7 |a SANZIO, RAFAEL  |2 CL-VaPUC  |9 557753 
650 0 |a Pintura  |9 265046 
650 0 |a Pintura italiana  |9 265293 
650 0 |a Pintores italianos  |9 265277 
650 0 |a Pintura renacentista  |9 266314 
583 |a last modification  |c 20110624 00:00:00  |k Rodrigo Vera 
999 |c 345221  |d 345219 
952 |0 0  |1 0  |4 0  |6 750_000000000000000_THO_2007  |7 0  |8 C  |9 443703  |a BIBCUR  |b BIBCUR  |d 2019-11-22  |i 4785673  |o 750 THO 2007  |p 4785673  |r 2025-04-22  |w 2019-11-22  |y BK  |k CAC